A hazai felnőttképzési rendszer megerősítését szolgáló intézkedések 2020 és 2023 között

Bibliográfiai részletek
Szerző: Kámán Zsombor Marcell
További közreműködők: Benkei-Kovács Dr. Balázs
Dokumentumtípus: Diplomadolgozat
Kulcsszavak:élethosszig tartó tanulás
felnőttképzés
felnőttoktatás
középiskolák
Magyarország
tanítóképzés
Online Access:http://dolgozattar.uni-bge.hu/59564

MARC

LEADER 00000nta a2200000 i 4500
001 dolg59564
005 20260409145233.0
008 260409suuuu hu om 000 hun d
040 |a BGE Dolgozattár Repozitórium  |b hun 
041 |a hu 
100 1 |a Kámán Zsombor Marcell 
245 1 2 |a A hazai felnőttképzési rendszer megerősítését szolgáló intézkedések 2020 és 2023 között  |c Kámán Zsombor Marcell  |h [elektronikus dokumentum] 
520 3 |a A szakdolgozat célja a hazai felnőttképzési rendszer 2020 és 2023 közötti átalakulásának és fejlesztésének vizsgálata, különös tekintettel az élethosszig tartó tanulás szerepére. A szerző áttekinti az oktatáspolitikai intézkedéseket, amelyek az uniós elvárásokkal összhangban a gazdaság versenyképességének erősítését és a tudásalapú társadalom kialakítását célozzák. A dolgozat bemutatja a felnőttképzés formális, nem formális és informális típusait, valamint ezek munkaerőpiaci hasznosulását. A szerző kvantitatív kutatással tárja fel a felnőttek képzéshez való viszonyát, tanulási motivációit és preferenciáit, különös tekintettel a távoktatás iránti nyitottságra. A dolgozat kitér a Szakképzés 4.0 stratégia intézkedéseire, a duális képzési formák elterjesztésére, valamint az oktatók, intézmények és gazdasági szereplők együttműködésére. A végkövetkeztetés a rendszer rugalmasabbá és hatékonyabbá tételének szükségessége. 
695 |a élethosszig tartó tanulás 
695 |a felnőttképzés 
695 |a felnőttoktatás 
695 |a középiskolák 
695 |a Magyarország 
695 |a tanítóképzés 
700 1 |a Benkei-Kovács Dr. Balázs  |e ths 
856 4 0 |u http://dolgozattar.uni-bge.hu/59564/1/kzsm-szakdolgozat-bge-20250429-vegleges.pdf  |z Dokumentum-elérés 
856 4 0 |u http://dolgozattar.uni-bge.hu/59564/2/K%C3%A1m%C3%A1n%20Zsombor%20Marcell_Szakoktat%C3%B3%20BA%20b%C3%ADr%C3%A1lati%20lap%202025.pdf  |z Dokumentum-elérés 
856 4 0 |u http://dolgozattar.uni-bge.hu/59564/3/K%C3%A1m%C3%A1n%20Zsombor_b%C3%ADr%C3%A1lat.pdf  |z Dokumentum-elérés